000
00274nam a2200133Ia 4500
100
_a
Uppal/S.L
942
_c
BK
654
_a
power
245
_a
Electrical power
260
_b
Khanna publishers
_a
Dellhi
_c
1985
082
_a
621.31
_b
UPP
546
_a
ENGLISH
999
_c
30050
_d
30050